书目信息 |
| 题名: |
高中理科解题策略与能力提升
|
|
| 作者: | 李思盛 主编 | |
| 分册: | 化学篇 | |
| 出版信息: | 北京 科学出版社 2020.5 |
|
| 页数: | 386页 | |
| 开本: | 26cm | |
| 丛书名: | ||
| 单 册: | ||
| 中图分类: | G633.7 , G634.85 | |
| 科图分类: | ||
| 主题词: | 理科(教育)--高中--问题解答 , 中学化学课--高中--问题解答 | |
| 电子资源: | ||
| ISBN: | 978-7-03-064625-5 | |
| 000 | 01157nam0 2200253 45 | |
| 001 | 012001001524 | |
| 005 | 20140914094206.0 | |
| 010 | @a978-7-03-064625-5@dCNY59.00 | |
| 100 | @a20201016d2020 em y0chiy50 ea | |
| 101 | 0 | @achi |
| 102 | @aCN@b110000 | |
| 105 | @ay z 000yy | |
| 106 | @ar | |
| 200 | 1 | @a高中理科解题策略与能力提升@Agao zhong li ke jie ti ce lue yu neng li ti sheng@i化学篇@b专著@f李思盛主编 |
| 210 | @a北京@c科学出版社@d2020.5 | |
| 215 | @a386页@d26cm | |
| 330 | @a本书是以提升化学学科核心素养为主旨,以减轻学生学习负担为宗旨,对标高考化学试题,围绕高中化学解题策略而编写的。全书包括三部分,共二十八章。第一部分为第一章—第三章,主要阐述高中化学选择题、非选择题、分知识版块的解题方法与策略;第二部分为第四章—第二十二章,按人教版教材必修1、必修2、选修4、选修3、选修5顺序分章进行具体解题策略指导;第三部分为第二十三章—第二十八章,主要围绕高考的难点进行专项突破,寻求突破的方法与策略。 | |
| 606 | 0 | @a理科(教育)@x高中@j问题解答 |
| 606 | 0 | @a中学化学课@x高中@j问题解答 |
| 690 | @aG633.7@v5 | |
| 690 | @aG634.85@v5 | |
| 701 | 0 | @a李思盛@Ali si sheng@4主编 |
| 801 | 0 | @aCN@bBJSDL@c20211011 |
| 905 | @b1334886-90@dG633.7@e499@f5 | |
| 高中理科解题策略与能力提升.化学篇/李思盛主编.-北京:科学出版社,2020.5 |
| 386页;26cm |
| ISBN 978-7-03-064625-5:CNY59.00 |
| 本书是以提升化学学科核心素养为主旨,以减轻学生学习负担为宗旨,对标高考化学试题,围绕高中化学解题策略而编写的。全书包括三部分,共二十八章。第一部分为第一章—第三章,主要阐述高中化学选择题、非选择题、分知识版块的解题方法与策略;第二部分为第四章—第二十二章,按人教版教材必修1、必修2、选修4、选修3、选修5顺序分章进行具体解题策略指导;第三部分为第二十三章—第二十八章,主要围绕高考的难点进行专项突破,寻求突破的方法与策略。 |
| ● |
| 相关链接 |
|
|
|
|
正题名:高中理科解题策略与能力提升
索取号:G633.7/499
 
预约/预借
| 序号 | 登录号 | 条形码 | 馆藏地/架位号 | 状态 | 备注 |
| 1 | 1334886 | 213348867 | 第一样本阅览室/ [索取号:G633.7/499] | 在馆 | |
| 2 | 1334887 | 213348876 | 第四借阅区/ [索取号:G633.7/499] | 在馆 | |
| 3 | 1334888 | 213348885 | 第四借阅区/ [索取号:G633.7/499] | 在馆 | |
| 4 | 1334889 | 213348894 | 第四借阅区/ [索取号:G633.7/499] | 在馆 | |
| 5 | 1334890 | 213348901 | 第四借阅区/ [索取号:G633.7/499] | 在馆 |